000 00205 a2200097 4500
001 1473
100 _aMorrow, L.C
245 _aMaintenince engg hand book
260 _a
_bMcgrawhill
_c
090 _c1016
_d1016
942 _aNUST-CAE
_cM
_c181
999 _c236546
_d236546